00511nam a2200181 a 4500001001300000003000900013005001700022008004100039020001400080082001500094100002100109245007500130260004300205300000900248500003500257505001000292650002700302nice12345678IN_TiNIC20260116013053.0050524s1997 lona grp 000 0 eng  ac1109.2600a277.3bFUL aFulop, Timothy E aAfrican-American Religionb Interpretive Essays in History and Culture aLondon bRoutledge Chapman Hall c1997 a467p aincludes index and biblioraphy2 aIndex aAfro-American Chruches